| 000 | 00461nam a2200157Ia 4500 | ||
|---|---|---|---|
| 008 | 210716s2015 xx 000 0 und d | ||
| 020 | _a9788126548521 | ||
| 041 | _aeng | ||
| 082 | _a658.8 CAPN | ||
| 100 | _aCapon, Noel;Singh, Siddharth Shekhar. | ||
| 245 |
_aManaging marketing: a concise approach _bConcise approach |
||
| 250 | _a1 | ||
| 260 |
_aNew Delhi _bWiley Dreamtech Pvt Ltd _c2015 |
||
| 300 | _axxvii,449,E23,G30 | ||
| 650 | _aMarketing Management | ||
| 999 |
_c211534 _d211534 |
||